000 00557nab a2200205 a 4500
001 21448
003 62519
005 20201118100052.0
008 ||||||n9999 ||| || ||
041 _aspa
100 _aLeon, Francisco
245 0 _aCuba: proceso y dilemas
260 _aChile :
_bInstituto de Estudios Internacionales de la Universidad de Chile,
300 _app. 365-377
562 _e0
650 _aCRISIS ECONÓMICA
650 _aCRISIS POLÍTICA
773 _021446
_aEstudios Internacionales - Vol.25 No.99-100
942 _cSART
999 _c21448
_d21448